Guess the Footballers by their Teams #24 - Statistics

General Stats
  • This quiz has been taken 153 times
  • The average score is 6 of 10
Answer Stats
Hint Answer % Correct
2001-2020. Beveren, Metalurh Donetsk, Olympiacos, Monaco, Barcelona, Manchester City, Olympiacos, Qingdao Huanghai, Ivory Coast. Yaya Toure
99%
2013-. Benfica B, Benfica, Monaco (loan), Monaco, Manchester City, Portugal. Bernardo Silva
88%
2007-. Feyenoord, PSV, Newcastle United, Liverpool, Paris Saint-Germain, Netherlands. Georginio Wijnaldum
70%
2004-. Bastia, Arsenal (loan), Arsenal, Charlton Athletic (loan), Barcelona, West Ham United (loan), West Ham United (loan), Rubin Kazan, Sion, Sion II, Arta/Solar7, Cameroon. Alex Song
63%
2003-2019. Manchester United, West Bromwich Albion, Stoke City, Scotland. Darren Fletcher
55%
1979-2000, 2018. Borussia Monchengladbach, Bayern Munich, Inter Milan, Bayern Munich, New York MetroStars, 1.F FC Herzogenaurach, West Germany/Germany. Lothar Matthaus
51%
1998-2020. Aston Villa, Manchester City, Everton (loan), Everton, West Bromwich Albion, England. Gareth Barry
50%
2009-. Dinamo Zagreb, Lokomotiva (loan), Genoa, Sassuolo, Atletico Madrid, Inter Milan (loan), Olympiacos, Croatia. Sime Vrsaljko
47%
1973-1991, 2009. Institute de Cordoba, Belgrano, Huracan, Tottenham Hotspur, Paris Saint-Germain (loan), St George FC (loan), Blackburn Rovers, Queens Park Rangers, Fort Lauderdale Strikers, Swindon Town, Bangkok F.C., Argentina. Osvaldo Ardiles
29%
2006-. Metalurh-2 Zaporizhzhia, Metalurh Zaporizhzhia, Shakhtar Donetsk, Ukraine. Taras Stepanenko
9%
No matching quizzes found
Score Distribution
Percent of People with Each Score
Percentile by Number Answered
Your Score History
You have not taken this quiz